[Event "GSF 75 aars jubilaeum Mester1 2008"]
[Site "Bagsvaerd"]
[Date "2008.04.15"]
[Round "1"]
[White "Poulsen, Klaus"]
[Black "Petersen, Steen Brustrup"]
[Result "0-1"]
[WhiteElo "2029"]
[BlackElo "2112"]
[PlyCount "70"]
[EventDate "2008.??.??"]

1. e4 e5 2. Nc3 Nf6 3. f4 d5 4. fxe5 Nxe4 5. Nf3 Bc5 6. Qe2 Bf2+ 7. Kd1 Nxc3+
8. bxc3 Bc5 9. d4 Be7 10. Qf2 Bf5 11. Qg3 O-O 12. h4 Kh8 13. Bd3 Bxd3 14. cxd3
c5 15. Bg5 f6 16. Bf4 Qa5 17. Rc1 Nc6 18. dxc5 Qxc5 19. exf6 Bxf6 20. Ng5 Qa5
21. d4 Qb5 22. Re1 Rac8 23. Bd6 Qa4+ 24. Kd2 Nxd4 25. Bxf8 Qxa2+ 26. Kd1 Qa4+
27. Kd2 Nb3+ 28. Ke2 Nxc1+ 29. Rxc1 Qb5+ 30. Ke3 Qb6+ 31. Kd3 Rxf8 32. Re1 Rc8
33. Nf7+ Kg8 34. Ne5 Qb2 35. Kd4 Qd2+ 0-1

[Event "GSF 75 aars jubilaeum Mester1 2008"]
[Site "Bagsvaerd"]
[Date "2008.04.15"]
[Round "1"]
[White "Poulsen, Erik"]
[Black "Brandstrup, Bo"]
[Result "1/2-1/2"]
[WhiteElo "1999"]
[BlackElo "1969"]
[PlyCount "57"]
[EventDate "2008.??.??"]

1. d4 Nf6 2. e3 e6 3. Nf3 d5 4. Bd3 c5 5. c3 Nc6 6. O-O Qc7 7. Nbd2 Be7 8. dxc5
Bxc5 9. e4 O-O 10. exd5 exd5 11. Nb3 Be7 12. Re1 Bg4 13. h3 Bh5 14. Be2 Rad8
15. Nbd4 Ne4 16. Be3 Bg6 17. Bf1 Bf6 18. Qa4 Nxd4 19. Bxd4 Bxd4 20. Qxd4 b6 21.
Rad1 h6 22. Ne5 Bh7 23. f3 Ng5 24. Bd3 Bxd3 25. Nxd3 Qg3 26. Qg4 Qxg4 27. hxg4
Ne6 28. Kf2 Rfe8 29. g3 1/2-1/2

[Event "GSF 75 aars jubilaeum Mester1 2008"]
[Site "Bagsvaerd"]
[Date "2008.05.06"]
[Round "1"]
[White "Nielsen, Jan Mose"]
[Black "Eriksson, Christian Altenburg"]
[Result "1/2-1/2"]
[WhiteElo "2107"]
[BlackElo "2111"]
[PlyCount "35"]
[EventDate "2008.??.??"]

1. e4 c5 2. Nf3 Nc6 3. d4 cxd4 4. Nxd4 Nf6 5. Nc3 e5 6. Ndb5 d6 7. a4 a6 8. Na3
Bg4 9. f3 Be6 10. Bc4 Rc8 11. Be3 Nb4 12. Bxe6 fxe6 13. f4 exf4 14. Bxf4 Qb6
15. Qe2 Be7 16. Be3 Qc6 17. Bf2 O-O 18. O-O 1/2-1/2

[Event "GSF 75 aars jubilaeum Mester1 2008"]
[Site "Bagsvaerd"]
[Date "2008.05.06"]
[Round "1"]
[White "Struch, Thomas"]
[Black "Tjornsted, Peter"]
[Result "1-0"]
[WhiteElo "2035"]
[BlackElo "1962"]
[PlyCount "145"]
[EventDate "2008.??.??"]

1. e4 d5 2. exd5 Qxd5 3. Nc3 Qa5 4. Bc4 Nf6 5. d3 e6 6. Nf3 Bd6 7. Bd2 c6 8.
Nb5 Qd8 9. Nxd6+ Qxd6 10. Qe2 Nbd7 11. Bc3 b5 12. Bb3 Nc5 13. Be5 Qd7 14. Qe3
Nxb3 15. axb3 Ng4 16. Qc5 Nf6 17. Bd4 a6 18. Qg5 Kf8 19. Bxf6 gxf6 20. Qxf6 Rg8
21. Ne5 Qc7 22. O-O-O a5 23. Qh6+ Rg7 24. Rde1 a4 25. b4 a3 26. bxa3 Rxa3 27.
Qf4 Kg8 28. Qd4 Ra4 29. g3 Bb7 30. Rhg1 Qe7 31. Qc5 Qxc5 32. bxc5 f6 33. Nf3 e5
34. Nd2 Bc8 35. Kb2 Rga7 36. Ra1 Be6 37. Rxa4 Rxa4 38. Ra1 Rxa1 39. Kxa1 Kf7
40. Kb2 Kg6 41. Kc3 f5 42. Kb4 Bd5 43. c4 bxc4 44. Nxc4 Kf6 45. f4 e4 46. Ne3
Ke6 47. Kc3 exd3 48. Kxd3 h5 49. Kd4 Bb3 50. Kc3 Ba4 51. Kb4 Bb5 52. Ka5 Bd3
53. Kb6 Kd7 54. h3 Be4 55. Nc4 Bg2 56. Ne5+ Ke6 57. Nxc6 Bxh3 58. Nd4+ Kd5 59.
c6 Kxd4 60. c7 Ke3 61. c8=Q Kf2 62. Qc3 Bg4 63. Qd3 Kg2 64. Qe3 Bf3 65. Qe1 Kh3
66. Kc5 Be4 67. Kd4 Kh2 68. Ke3 Kg2 69. Qf2+ Kh3 70. Ke2 Bd5 71. Kf1 Bc4+ 72.
Kg1 Bd5 73. Qh2+ 1-0

[Event "GSF 75 aars jubilaeum Mester1 2008"]
[Site "Bagsvaerd"]
[Date "2008.04.22"]
[Round "2"]
[White "Tjornsted, Peter"]
[Black "Poulsen, Erik"]
[Result "1/2-1/2"]
[WhiteElo "1962"]
[BlackElo "1999"]
[PlyCount "52"]
[EventDate "2008.??.??"]

1. d4 g6 2. Nf3 Bg7 3. b3 d6 4. Bb2 Nf6 5. Nbd2 O-O 6. e3 Nbd7 7. Be2 b6 8. c4
Bb7 9. O-O e5 10. dxe5 Ng4 11. Rc1 Ngxe5 12. Nxe5 Nxe5 13. Bxe5 Bxe5 14. Bf3
Bxf3 15. Nxf3 Bg7 16. Qd5 Qe7 17. b4 a5 18. b5 Rfe8 19. a4 h6 20. Rfd1 Rad8 21.
Nd4 Bxd4 22. Rxd4 Qe6 23. Qc6 Rc8 24. h3 Re7 25. Rcd1 Rce8 26. Qd5 Qe5 1/2-1/2

[Event "GSF 75 aars jubilaeum Mester1 2008"]
[Site "Bagsvaerd"]
[Date "2008.04.22"]
[Round "2"]
[White "Nielsen, Jan Mose"]
[Black "Struch, Thomas"]
[Result "1/2-1/2"]
[WhiteElo "2107"]
[BlackElo "2035"]
[PlyCount "95"]
[EventDate "2008.??.??"]

1. c4 c5 2. g3 g6 3. Bg2 Bg7 4. e3 Nf6 5. Nc3 e6 6. Qb3 Nc6 7. Nge2 O-O 8. O-O
Ne8 9. a3 b6 10. Rd1 Bb7 11. e4 Nd4 12. Nxd4 cxd4 13. Ne2 e5 14. d3 d6 15. Rf1
Kh8 16. Bd2 f5 17. f3 Nc7 18. a4 Ne6 19. a5 Qc7 20. Qa3 fxe4 21. fxe4 Rxf1+ 22.
Rxf1 Rf8 23. Rxf8+ Bxf8 24. axb6 Qxb6 25. b4 Be7 26. h4 Qa6 27. Qxa6 Bxa6 28.
Bh3 Bc8 29. Nc1 Kg7 30. Nb3 Bd8 31. Kf2 Kf7 32. Nc1 Bd7 33. b5 Ke8 34. Na2 Nc5
35. Bxd7+ Kxd7 36. Ke2 h5 37. Nb4 Bb6 38. Nd5 Bd8 39. Bb4 Na4 40. Bd2 Nc5 41.
Bb4 Na4 42. Ba3 Ke6 43. Kf3 Ba5 44. Ke2 Nc3+ 45. Kf3 Na4 46. Bb4 Bb6 47. Bd2
Nc5 48. Ke2 1/2-1/2

[Event "GSF 75 aars jubilaeum Mester1 2008"]
[Site "Bagsvaerd"]
[Date "2008.04.22"]
[Round "2"]
[White "Brandstrup, Bo"]
[Black "Poulsen, Klaus"]
[Result "0-1"]
[WhiteElo "1969"]
[BlackElo "2029"]
[PlyCount "154"]
[EventDate "2008.??.??"]

1. d4 Nf6 2. Nf3 h6 3. c4 c5 4. Nc3 g5 5. dxc5 Qa5 6. Be3 Bg7 7. Qd2 Nc6 8. Nd4
Ne4 9. Nxc6 Qxc3 10. bxc3 Nxd2 11. Kxd2 dxc6 12. f4 Bf5 13. Bd4 O-O-O 14. e4
Bxd4 15. exf5 Bxc5+ 16. Kc2 gxf4 17. Be2 Rhg8 18. Bf3 Rg5 19. h4 Rgg8 20. Rad1
Rxd1 21. Rxd1 Bf2 22. h5 f6 23. Kd3 Bc5 24. Ke4 Bd6 25. Rd3 Kc7 26. Rd1 Be5 27.
Rd3 Kb6 28. c5+ Kxc5 29. Rd7 Kb6 30. Rxe7 Rd8 31. Rxe5 fxe5 32. Kxe5 Kc7 33.
Kxf4 Kd6 34. g4 Rg8 35. Bd1 b5 36. Bb3 Rg5 37. Bd1 c5 38. Ke4 Rg8 39. Kf4 a6
40. Bb3 c4 41. Bc2 a5 42. a3 Ke7 43. Be4 Kf6 44. Bc6 Rb8 45. Ke3 Ke5 46. f6
Kxf6 47. Kd4 Rb6 48. Be8 b4 49. cxb4 axb4 50. axb4 Rxb4 51. Kc3 Rb8 52. Bd7 Rb7
53. Bc6 Rc7 54. Bd5 Kg5 55. Be6 Kf4 56. Bf5 Ke5 57. Bb1 Kd5 58. Bg6 Rb7 59. Bc2
Re7 60. Bf5 Re3+ 61. Kd2 Rg3 62. Kc2 Kd4 63. Bd7 Rg2+ 64. Kc1 c3 65. Bf5 Ke3
66. Kd1 Ra2 67. Kc1 Rf2 68. Bg6 Kd4 69. Bf5 c2 70. Bxc2 Kc3 71. Ba4 Rf1+ 72.
Bd1 Rg1 73. g5 hxg5 74. h6 Rh1 75. h7 Rxh7 76. Bf3 Rf7 77. Bg4 Rf1+ 0-1

[Event "GSF 75 aars jubilaeum Mester1 2008"]
[Site "Bagsvaerd"]
[Date "2008.04.22"]
[Round "2"]
[White "Eriksson, Christian Altenburg"]
[Black "Petersen, Steen Brustrup"]
[Result "0-1"]
[WhiteElo "2111"]
[BlackElo "2112"]
[PlyCount "44"]
[EventDate "2008.??.??"]

1. e4 e5 2. Nf3 Nc6 3. d4 exd4 4. Nxd4 Nf6 5. Nxc6 bxc6 6. e5 Qe7 7. Qe2 Nd5 8.
c4 Nb6 9. Nc3 Qe6 10. Qe4 g6 11. f4 Bg7 12. Bd3 Ba6 13. b3 O-O 14. O-O f5 15.
Qf3 Rfe8 16. Re1 d6 17. Qxc6 dxe5 18. Qxe6+ Rxe6 19. Nd5 e4 20. Nxc7 Bxa1 21.
Nxa6 Bc3 22. Re2 Rc6 0-1

[Event "GSF 75 aars jubilaeum Mester1 2008"]
[Site "Bagsvaerd"]
[Date "2008.04.29"]
[Round "3"]
[White "Poulsen, Erik"]
[Black "Nielsen, Jan Mose"]
[Result "0-1"]
[WhiteElo "1999"]
[BlackElo "2107"]
[PlyCount "52"]
[EventDate "2008.??.??"]

1. e4 c5 2. Bc4 e6 3. Qe2 Nc6 4. c3 Be7 5. Bb3 Qc7 6. d3 Nf6 7. Nf3 b6 8. O-O
Ba6 9. Re1 h6 10. Nbd2 Rd8 11. Bc4 Bb7 12. e5 Nh7 13. d4 cxd4 14. cxd4 Nb4 15.
Bd3 d6 16. Bb5+ Kf8 17. exd6 Bxd6 18. Nc4 Bxf3 19. Qxf3 Nc2 20. Bd2 Nxd4 21.
Qd3 Bxh2+ 22. Kh1 Nxb5 23. Bb4+ Kg8 24. Qxd8+ Qxd8 25. Kxh2 Qh4+ 26. Kg1 Qxc4
0-1

[Event "GSF 75 aars jubilaeum Mester1 2008"]
[Site "Bagsvaerd"]
[Date "2008.04.29"]
[Round "3"]
[White "Struch, Thomas"]
[Black "Eriksson, Christian Altenburg"]
[Result "1-0"]
[WhiteElo "2035"]
[BlackElo "2111"]
[PlyCount "91"]
[EventDate "2008.??.??"]

1. e4 e6 2. d4 d5 3. exd5 exd5 4. Bd3 Bd6 5. Nc3 Ne7 6. Qf3 c6 7. Nge2 Qc7 8.
Bf4 Bxf4 9. Nxf4 O-O 10. O-O-O Na6 11. Bxa6 bxa6 12. Nd3 Nf5 13. Nc5 Qa5 14.
Qd3 Nd6 15. b3 Rb8 16. N3a4 Re8 17. Qc3 Qd8 18. Qd2 a5 19. f3 h6 20. Rde1 Rxe1+
21. Rxe1 Qf6 22. Qe3 Bf5 23. Qf4 g5 24. Qd2 Re8 25. Rxe8+ Nxe8 26. Nb7 Nd6 27.
Nxd6 Qxd6 28. g3 Qe7 29. Nc5 Bc8 30. Kb2 Qf6 31. Qe3 Kg7 32. g4 h5 33. h3 Kh6
34. Qe5 Qxe5 35. dxe5 hxg4 36. hxg4 Kg6 37. Kc3 f5 38. exf6 Kf7 39. Kd4 Kxf6
40. a4 Kf7 41. Ke5 Ke7 42. c3 Bd7 43. Nxd7 Kxd7 44. Kf5 c5 45. Kxg5 c4 46. bxc4
1-0

[Event "GSF 75 aars jubilaeum Mester1 2008"]
[Site "Bagsvaerd"]
[Date "2008.04.29"]
[Round "3"]
[White "Poulsen, Klaus"]
[Black "Tjornsted, Peter"]
[Result "0-1"]
[WhiteElo "2029"]
[BlackElo "1962"]
[PlyCount "104"]
[EventDate "2008.??.??"]

1. e4 d5 2. exd5 Qxd5 3. Nc3 Qa5 4. d4 Nf6 5. Nf3 c6 6. Ne5 Nbd7 7. Nc4 Qc7 8.
Qf3 Nb6 9. Bf4 Qd8 10. Ne5 Be6 11. Bd3 Bd5 12. Qe2 Bxg2 13. Rg1 Qxd4 14. Bg5
Bd5 15. O-O-O Qc5 16. Nxd5 Nfxd5 17. Qh5 g6 18. Qf3 f6 19. Nxg6 hxg6 20. Bxg6+
Kd8 21. Bxf6 Bh6+ 22. Bg5 Bxg5+ 23. Rxg5 Kc7 24. Qg3+ Qd6 25. Re5 Kb8 26. Be4
Nc4 27. Bxd5 Qxe5 28. Bxc4 Qxg3 29. hxg3 Kc7 30. g4 Rad8 31. Re1 Rh7 32. Be6
Rd6 33. g5 Rh2 34. f4 Rdd2 35. Bf5 Rde2 36. Rxe2 Rxe2 37. Bd3 Rg2 38. Kd1 Kd6
39. Ke1 Rg4 40. Kf2 Rxf4+ 41. Kg3 Rd4 42. Bf5 Ke5 43. Bh7 Ke6 44. c3 Rd2 45. b4
Kf7 46. a4 Kg7 47. Bf5 b6 48. Kf4 Ra2 49. Ke5 Rxa4 50. Bd7 Ra3 51. Kd4 c5+ 52.
bxc5 bxc5+ 0-1

[Event "GSF 75 aars jubilaeum Mester1 2008"]
[Site "Bagsvaerd"]
[Date "2008.04.29"]
[Round "3"]
[White "Petersen, Steen Brustrup"]
[Black "Brandstrup, Bo"]
[Result "1-0"]
[WhiteElo "2112"]
[BlackElo "1969"]
[PlyCount "75"]
[EventDate "2008.??.??"]

1. d4 Nf6 2. c4 e6 3. Nc3 Bb4 4. Qc2 c5 5. dxc5 Bxc5 6. Nf3 Nc6 7. Bg5 h6 8.
Bh4 Qa5 9. e3 d5 10. Bxf6 gxf6 11. cxd5 Nb4 12. Qd2 Ke7 13. Bc4 b6 14. O-O Nxd5
15. Bxd5 exd5 16. Nxd5+ Kf8 17. b4 Bxb4 18. Qxb4+ Qxb4 19. Nxb4 Bb7 20. Nd4 Rg8
21. f3 Rg5 22. Rac1 Rc5 23. Nb3 Rb5 24. Rc7 Rb8 25. Nc6 Bxc6 26. Rxc6 a5 27.
Rfc1 a4 28. Rc8+ Rxc8 29. Rxc8+ Ke7 30. Nd4 Rb2 31. Rc2 Rb1+ 32. Kf2 b5 33. Ke2
b4 34. Kd2 Kd6 35. e4 Ke5 36. Ke3 Re1+ 37. Ne2 Rb1 38. Rc6 1-0

[Event "GSF 75 aars jubilaeum Mester1 2008"]
[Site "Bagsvaerd"]
[Date "2008.05.13"]
[Round "4"]
[White "Nielsen, Jan Mose"]
[Black "Poulsen, Klaus"]
[Result "0-1"]
[WhiteElo "2107"]
[BlackElo "2029"]
[PlyCount "102"]
[EventDate "2008.??.??"]

1. d4 Nf6 2. c4 e5 3. dxe5 Ne4 4. a3 Nc6 5. Nf3 d6 6. exd6 Bxd6 7. Nbd2 Qe7 8.
Nxe4 Qxe4 9. Qd5 Qe7 10. Bd2 Be6 11. Qb5 O-O-O 12. Bc3 Bg4 13. Qg5 Qe6 14. e3
Bxf3 15. gxf3 Ne5 16. Qh5 g6 17. Qh3 f5 18. f4 Nxc4 19. Bxc4 Qxc4 20. Bxh8 Rxh8
21. Qf3 Rd8 22. Qe2 Qe4 23. O-O-O Re8 24. Qc2 Qf3 25. Rhg1 Re6 26. Rg3 Qh5 27.
Qc4 Re4 28. Qc3 b5 29. Rd4 Qxh2 30. Rxe4 Qh1+ 31. Kd2 Qxe4 32. Qd3 Qa4 33. Rh3
b4 34. Rxh7 bxa3 35. bxa3 Bxa3 36. Rh8+ Kb7 37. Qd5+ Ka6 38. Qd3+ Kb7 39. Ke2
Bd6 40. Qb1+ Kc6 41. Rb8 Qc4+ 42. Kf3 a6 43. Qb7+ Kd7 44. Qc8+ Kc6 45. Qe8+ Kc5
46. Qxg6 Qe4+ 47. Kg3 a5 48. Qe8 Qd3 49. Ra8 Bxf4+ 50. Kxf4 Qc4+ 51. Kf3 Qg4#
0-1

[Event "GSF 75 aars jubilaeum Mester1 2008"]
[Site "Bagsvaerd"]
[Date "2008.05.13"]
[Round "4"]
[White "Tjornsted, Peter"]
[Black "Petersen, Steen Brustrup"]
[Result "0-1"]
[WhiteElo "1962"]
[BlackElo "2112"]
[PlyCount "92"]
[EventDate "2008.??.??"]

1. d4 Nf6 2. Nf3 g6 3. b3 Bg7 4. Bb2 O-O 5. Nbd2 d6 6. e4 Nfd7 7. Bc4 c5 8. O-O
Nc6 9. c3 cxd4 10. Nxd4 Qb6 11. N2f3 Nc5 12. Qe2 a6 13. h3 Bd7 14. Rfd1 Rac8
15. Bd3 Rfd8 16. Rac1 Bh6 17. Rc2 e5 18. Nxc6 Bxc6 19. Bc1 Bxc1 20. Rcxc1 Qc7
21. Nd2 d5 22. exd5 Nxd3 23. Qxd3 Rxd5 24. Qe2 Rcd8 25. c4 Rd3 26. Nf1 e4 27.
Ne3 Qe5 28. Nd5 Rxd1+ 29. Rxd1 Bxd5 30. Qd2 f5 31. cxd5 Rd6 32. Qd4 Qxd4 33.
Rxd4 Kf7 34. Kf1 Kf6 35. Ke2 Ke5 36. Rc4 b5 37. Rc7 h6 38. Rh7 g5 39. Rc7 Kxd5
40. g3 Rc6 41. Rd7+ Ke5 42. Rd2 f4 43. Rb2 Rc1 44. a4 b4 45. a5 f3+ 46. Kd2 Rf1
0-1

[Event "GSF 75 aars jubilaeum Mester1 2008"]
[Site "Bagsvaerd"]
[Date "2008.05.13"]
[Round "4"]
[White "Struch, Thomas"]
[Black "Poulsen, Erik"]
[Result "1/2-1/2"]
[WhiteElo "2035"]
[BlackElo "1999"]
[PlyCount "34"]
[EventDate "2008.??.??"]

1. e4 g6 2. d4 Bg7 3. Nc3 d6 4. Nf3 Nf6 5. Be2 O-O 6. O-O Bg4 7. Be3 e5 8. dxe5
dxe5 9. Nxe5 Bxe2 10. Qxe2 Nxe4 11. Nxe4 Bxe5 12. Bg5 Qe8 13. Rfe1 Qc6 14. Be7
Re8 15. Bf6 Nd7 16. Bxe5 Nxe5 17. Qd2 Kg7 1/2-1/2

[Event "GSF 75 aars jubilaeum Mester1 2008"]
[Site "Bagsvaerd"]
[Date "2008.05.13"]
[Round "4"]
[White "Eriksson, Christian Altenburg"]
[Black "Brandstrup, Bo"]
[Result "0-1"]
[WhiteElo "2111"]
[BlackElo "1969"]
[PlyCount "84"]
[EventDate "2008.??.??"]

1. e4 c5 2. c3 Nf6 3. e5 Nd5 4. Nf3 e6 5. Bc4 d6 6. d4 cxd4 7. cxd4 Nc6 8. Qe2
dxe5 9. dxe5 Bb4+ 10. Bd2 O-O 11. Nc3 f6 12. O-O fxe5 13. Bg5 Qa5 14. Ne4 Be7
15. Bxe7 Ncxe7 16. Nd6 Ng6 17. g3 Qc7 18. Nxc8 Raxc8 19. Bd3 Rf6 20. Bxg6 hxg6
21. Nxe5 Qc2 22. Rfe1 Qf5 23. Ng4 Rf7 24. Qxe6 Rc2 25. Qxf5 gxf5 26. Ne5 Re7
27. Rad1 Nf6 28. Rd8+ Kh7 29. f4 Rxb2 30. a3 Rc7 31. Rd3 Rcc2 32. Nf3 Rg2+ 33.
Kh1 Ng4 34. Red1 Rge2 35. Ng5+ Kg6 36. Rd6+ Kh5 37. Rd8 Nf2+ 38. Kg1 Nxd1 39.
Rxd1 Rg2+ 40. Kf1 Rxh2 41. Kg1 Rbg2+ 42. Kf1 Rh1+ 0-1

[Event "GSF 75 aars jubilaeum Mester1 2008"]
[Site "Bagsvaerd"]
[Date "2008.05.20"]
[Round "5"]
[White "Poulsen, Klaus"]
[Black "Struch, Thomas"]
[Result "0-1"]
[WhiteElo "2029"]
[BlackElo "2035"]
[PlyCount "122"]
[EventDate "2008.??.??"]

1. e4 e5 2. Nc3 Nf6 3. f4 d5 4. fxe5 Nxe4 5. Nf3 Bc5 6. Qe2 Bf2+ 7. Kd1 Nxc3+
8. dxc3 Bc5 9. Bg5 Be7 10. h4 h6 11. Bf4 c6 12. Qf2 Qb6 13. Qxb6 axb6 14. Bd3
Bg4 15. Kd2 Nd7 16. a4 Nc5 17. b3 O-O 18. Rae1 Rad8 19. Kc1 Nxd3+ 20. cxd3 c5
21. e6 Bxe6 22. Bc7 Rc8 23. Bxb6 Bd6 24. d4 cxd4 25. Bxd4 Rfe8 26. Kd2 Bg3 27.
Re2 Bg4 28. Rxe8+ Rxe8 29. Be3 Re4 30. b4 Bd7 31. a5 Bb5 32. Rh3 Bc7 33. Nd4
Bf1 34. Rh1 Bc4 35. Bf2 Rg4 36. Ra1 Bf4+ 37. Ke1 Rxg2 38. b5 Bg3 39. Bxg3 Rg1+
40. Kd2 Rxa1 41. a6 bxa6 42. b6 Rb1 43. Bc7 a5 44. Kc2 Ba2 45. Nc6 Rb5 46. Nxa5
Rxa5 47. b7 Rb5 48. b8=Q+ Rxb8 49. Bxb8 Kh7 50. Kd3 Kg6 51. Ke3 Kh5 52. Bg3 Kg4
53. Bd6 g5 54. hxg5 hxg5 55. Kf2 f5 56. Be5 f4 57. Bd6 Kf5 58. Bc7 g4 59. Bd6
Bb1 60. Bc7 g3+ 61. Kg2 Kg4 0-1

[Event "GSF 75 aars jubilaeum Mester1 2008"]
[Site "Bagsvaerd"]
[Date "2008.05.20"]
[Round "5"]
[White "Petersen, Steen Brustrup"]
[Black "Nielsen, Jan Mose"]
[Result "1-0"]
[WhiteElo "2112"]
[BlackElo "2107"]
[PlyCount "74"]
[EventDate "2008.??.??"]

1. e4 c6 2. d4 d5 3. Nc3 dxe4 4. Nxe4 Nf6 5. Nxf6+ exf6 6. c3 Bd6 7. Bd3 Qc7 8.
Qf3 Bxh2 9. g3 Bxg1 10. Rxg1 Be6 11. Bf4 Qa5 12. Bd6 Nd7 13. g4 g6 14. Kd2 h5
15. gxh5 gxh5 16. Kc2 O-O-O 17. Bh2 Rdg8 18. a3 Rg5 19. Bf4 Rg4 20. Rae1 Rhg8
21. Rxg4 hxg4 22. Qe4 f5 23. Qe3 Nf6 24. Bg3 Nd5 25. Qe5 Qc7 26. Bxf5 Qxe5 27.
Rxe5 Kd7 28. Be4 Ne7 29. Rh5 f5 30. Bd3 Rf8 31. Rh7 f4 32. Bh4 Rf7 33. Rxf7
Bxf7 34. Kd2 Be6 35. Bg5 f3 36. Bxe7 Kxe7 37. Ke3 Kf6 1-0

[Event "GSF 75 aars jubilaeum Mester1 2008"]
[Site "Bagsvaerd"]
[Date "2008.06.03"]
[Round "5"]
[White "Poulsen, Erik"]
[Black "Eriksson, Christian Altenburg"]
[Result "1/2-1/2"]
[WhiteElo "1999"]
[BlackElo "2111"]
[PlyCount "57"]
[EventDate "2008.??.??"]

1. e4 c5 2. Nc3 Nc6 3. g3 g6 4. Bg2 Bg7 5. d3 e6 6. Be3 Nd4 7. Nce2 d6 8. c3
Nxe2 9. Nxe2 Ne7 10. O-O O-O 11. d4 cxd4 12. Bxd4 e5 13. Be3 Be6 14. Qa4 Qc7
15. Rfd1 Rfd8 16. Rd2 d5 17. Rad1 dxe4 18. Bxe4 Rxd2 19. Rxd2 Nf5 20. Bxf5 gxf5
21. b3 a6 22. c4 Rd8 23. Qb4 Rd7 24. Rxd7 Qxd7 25. Qd2 Qc7 26. Bh6 Bxh6 27.
Qxh6 Qa5 28. Qg5+ Kf8 29. Nc3 1/2-1/2

[Event "GSF 75 aars jubilaeum Mester1 2008"]
[Site "Bagsvaerd"]
[Date "2008.05.20"]
[Round "5"]
[White "Brandstrup, Bo"]
[Black "Tjornsted, Peter"]
[Result "0-1"]
[WhiteElo "1969"]
[BlackElo "1962"]
[PlyCount "98"]
[EventDate "2008.??.??"]

1. d4 d5 2. Nf3 c5 3. g3 Nc6 4. Bg2 Nf6 5. O-O Bf5 6. c4 Bxb1 7. Rxb1 e6 8. Qa4
Qd7 9. Rd1 Ne5 10. Qxd7+ Nexd7 11. cxd5 Nxd5 12. e4 N5f6 13. Ne5 Nxe5 14. dxe5
Nd7 15. f4 O-O-O 16. Be3 Be7 17. Kf2 b6 18. Bf1 Nb8 19. Kf3 Rxd1 20. Rxd1 Rd8
21. Rxd8+ Kxd8 22. f5 Nd7 23. Bc4 Nb8 24. h4 Kd7 25. h5 Nc6 26. Bb5 Kc7 27.
Bxc6 Kxc6 28. Kg4 a5 29. Bg5 Bf8 30. Kf4 a4 31. g4 b5 32. Ke3 c4 33. Kd2 a3 34.
bxa3 Bxa3 35. Kc3 Kb6 36. Bd8+ Kc6 37. g5 g6 38. hxg6 hxg6 39. fxg6 fxg6 40.
Bf6 Kb6 41. Bd8+ Ka6 42. Bf6 Ka5 43. Bd8+ Ka4 44. Kc2 Bc5 45. Bf6 Ka3 46. Kb1
b4 47. Bd8 b3 48. axb3 Kxb3 49. Ba5 c3 0-1

[Event "GSF 75 aars jubilaeum Mester1 2008"]
[Site "Bagsvaerd"]
[Date "2008.05.27"]
[Round "6"]
[White "Poulsen, Erik"]
[Black "Poulsen, Klaus"]
[Result "1/2-1/2"]
[WhiteElo "1999"]
[BlackElo "2029"]
[PlyCount "98"]
[EventDate "2008.??.??"]

1. e4 c5 2. Nc3 Nc6 3. g3 g6 4. Bg2 Bg7 5. d3 Rb8 6. Be3 d6 7. Qd2 Bd7 8. Nge2
Qc8 9. d4 cxd4 10. Nxd4 Nf6 11. Nxc6 bxc6 12. Rb1 Bh3 13. O-O h5 14. Bxh3 Qxh3
15. f3 Rb7 16. Qf2 O-O 17. Ne2 Rfb8 18. Bd4 Qe6 19. b3 c5 20. Bc3 a5 21. Rbd1
a4 22. Nf4 Qc8 23. Qd2 axb3 24. axb3 Nd7 25. Bxg7 Kxg7 26. Qc3+ f6 27. Nd5 Ne5
28. f4 Nc6 29. e5 dxe5 30. Qxc5 Nd4 31. Qxc8 Rxc8 32. fxe5 fxe5 33. Rde1 e6 34.
Ne3 Nxc2 35. Nxc2 Rxc2 36. Rf3 Rb5 37. Ree3 Rb2 38. h4 e4 39. Rxe4 R5xb3 40.
Rxb3 Rxb3 41. Rxe6 Rxg3+ 42. Kh2 Rd3 43. Ra6 Re3 44. Rb6 Kf7 45. Kg2 Re6 46.
Rb3 Kf6 47. Kg3 Kf5 48. Rb5+ Re5 49. Rb3 g5 1/2-1/2

[Event "GSF 75 aars jubilaeum Mester1 2008"]
[Site "Bagsvaerd"]
[Date "2008.05.27"]
[Round "6"]
[White "Struch, Thomas"]
[Black "Petersen, Steen Brustrup"]
[Result "1-0"]
[WhiteElo "2035"]
[BlackElo "2112"]
[PlyCount "55"]
[EventDate "2008.??.??"]

1. e4 e5 2. Nf3 Nc6 3. Bb5 Nge7 4. O-O g6 5. d4 exd4 6. Nxd4 Bg7 7. Be3 O-O 8.
Nc3 a6 9. Nxc6 bxc6 10. Bc4 Bb7 11. Bd4 d5 12. Bxg7 Kxg7 13. Qd4+ f6 14. Bb3
Qd6 15. Na4 Rad8 16. Rfe1 dxe4 17. Qxe4 Nf5 18. c3 Rde8 19. Qc4 Rxe1+ 20. Rxe1
Qd2 21. Rd1 Qg5 22. Nc5 Bc8 23. Ne6+ Bxe6 24. Qxe6 c5 25. Qd7+ Kh6 26. g3 Nd6
27. Qxc7 Ne4 28. Qe7 1-0

[Event "GSF 75 aars jubilaeum Mester1 2008"]
[Site "Bagsvaerd"]
[Date "2008.06.03"]
[Round "6"]
[White "Nielsen, Jan Mose"]
[Black "Brandstrup, Bo"]
[Result "1-0"]
[WhiteElo "2107"]
[BlackElo "1969"]
[PlyCount "85"]
[EventDate "2008.??.??"]

1. d4 Nf6 2. c4 e6 3. Nf3 d5 4. Nc3 Bb4 5. Qa4+ Nc6 6. Bd2 O-O 7. a3 Bxc3 8.
Bxc3 Ne4 9. Rc1 f5 10. e3 Qf6 11. Qb3 Ne7 12. Bd3 g5 13. Bb4 c6 14. Ne5 a5 15.
Bxe7 Qxe7 16. Bxe4 fxe4 17. O-O Qd8 18. Qd1 Bd7 19. Qg4 Rf5 20. f3 exf3 21.
Rxf3 Rxf3 22. Qxf3 Qe7 23. Rf1 Re8 24. Qh5 Rf8 25. Rxf8+ Kxf8 26. Nxd7+ Qxd7
27. Qxg5 a4 28. c5 Kf7 29. Qh5+ Kg7 30. Qg4+ Kh8 31. Qd1 Qf7 32. Qxa4 Kg7 33.
Qc2 Qh5 34. a4 Qg5 35. Qf2 Qd8 36. Qg3+ Kh6 37. h4 Qf6 38. Qf4+ Qxf4 39. exf4
Kh5 40. g3 Kg4 41. Kf2 h5 42. b4 Kf5 43. Kf3 1-0

[Event "GSF 75 aars jubilaeum Mester1 2008"]
[Site "Bagsvaerd"]
[Date "2008.05.27"]
[Round "6"]
[White "Eriksson, Christian Altenburg"]
[Black "Tjornsted, Peter"]
[Result "1/2-1/2"]
[WhiteElo "2111"]
[BlackElo "1962"]
[PlyCount "60"]
[EventDate "2008.??.??"]

1. e4 d5 2. exd5 Qxd5 3. Nf3 Bg4 4. Be2 c6 5. d4 Nf6 6. h3 Bh5 7. c4 Qe6 8. Qb3
Bxf3 9. Qxf3 Qd6 10. Qb3 Qc7 11. O-O e6 12. Bf4 Qxf4 13. Qxb7 Ne4 14. Qc8+ Ke7
15. Nc3 Ng5 16. g3 Nxh3+ 17. Kg2 Qf5 18. d5 Ng5 19. dxc6 Qh3+ 20. Kg1 Kf6 21.
Qd8+ Kg6 22. c7 Bc5 23. Qd3+ f5 24. cxb8=Q Raxb8 25. Na4 Rhd8 26. Nxc5 Rxd3 27.
Nxd3 Kf6 28. b3 Ne4 29. Bf3 Ng5 30. Be2 Ne4 1/2-1/2

[Event "GSF 75 aars jubilaeum Mester1 2008"]
[Site "Bagsvaerd"]
[Date "2008.06.10"]
[Round "7"]
[White "Poulsen, Klaus"]
[Black "Eriksson, Christian Altenburg"]
[Result "1-0"]
[WhiteElo "2029"]
[BlackElo "2111"]
[PlyCount "109"]
[EventDate "2008.??.??"]

1. e4 c5 2. Nf3 Nc6 3. d4 cxd4 4. c3 dxc3 5. Nxc3 e6 6. Bc4 Nge7 7. Qe2 Ng6 8.
O-O Nge5 9. Nxe5 Nxe5 10. Bb3 Be7 11. Be3 O-O 12. Rac1 b6 13. f4 Nc6 14. f5 Bg5
15. Nb5 Ba6 16. a4 e5 17. f6 Bxf6 18. Qg4 Nd4 19. Bd5 Bxb5 20. axb5 Rb8 21.
Bxd4 exd4 22. Ra1 Qe7 23. Rxa7 Rbd8 24. Ra3 Qd6 25. Raf3 Kh8 26. Qh5 Rde8 27.
Bxf7 Rxf7 28. Qxf7 Rf8 29. Qh5 Rg8 30. Rh3 h6 31. Qg6 Be5 32. Qxd6 Bxd6 33. Ra1
Re8 34. Ra7 Rxe4 35. Rxd7 Bc5 36. Kf1 Rf4+ 37. Rf3 Rh4 38. h3 Rh5 39. Rff7 Rg5
40. g4 Kg8 41. Rf5 Rg6 42. b4 Bxb4 43. Rxd4 Bc3 44. Rc4 Ba5 45. Rc6 Kh7 46. Ke2
Bb4 47. Rxg6 Kxg6 48. Kd3 Kh7 49. Kc4 Bd2 50. Re5 Kg8 51. Re6 Ba5 52. Re7 Kh7
53. Kd5 Kg6 54. Rb7 Kf6 55. Kc6 1-0

[Event "GSF 75 aars jubilaeum Mester1 2008"]
[Site "Bagsvaerd"]
[Date "2008.06.10"]
[Round "7"]
[White "Petersen, Steen Brustrup"]
[Black "Poulsen, Erik"]
[Result "1-0"]
[WhiteElo "2112"]
[BlackElo "1999"]
[PlyCount "35"]
[EventDate "2008.??.??"]

1. e4 g6 2. d4 Bg7 3. Nc3 d6 4. Be3 c6 5. f4 b5 6. Nf3 Nd7 7. Bd3 Ngf6 8. h3
Nb6 9. O-O a6 10. Qe1 Qc7 11. Qf2 Bb7 12. Rae1 Nfd7 13. e5 Nf8 14. d5 Nxd5 15.
Nxd5 cxd5 16. exd6 Qd7 17. Bd4 e5 18. Bxe5 1-0